header

A complexity approach to sustainability (Record no. 126824)

MARC details
000 -LEADER
fixed length control field 01589nam a2200373 a 4500
082 04 - DEWEY DECIMAL CLASSIFICATION NUMBER
Classification number 338.9/27
100 1# - MAIN ENTRY--AUTHOR NAME
Personal name Espinosa Salazar, Angela Ma.
245 12 - TITLE STATEMENT
Title A complexity approach to sustainability
260 ## - PUBLICATION, DISTRIBUTION, ETC. (IMPRINT)
Place of publication London :
Name of publisher Imperial College Press ;
Place of publication Hackensack, N.J. :
Name of publisher Distributed by World Scientific Pub. Co. Pte. Ltd.,
Year of publication c2011.
300 ## - PHYSICAL DESCRIPTION
Number of Pages xxvii, 361 p. :
Other physical details ill.
490 1# - SERIES STATEMENT
Series statement World scientific series on complexity science,
650 #0 - SUBJECT ADDED ENTRY--TOPICAL TERM
Topical Term Sustainable development.
Topical Term Environmental management.
Topical Term System analysis.
700 1# - ADDED ENTRY--PERSONAL NAME
Personal name Walker, Jon.
856 40 - ELECTRONIC LOCATION AND ACCESS
Uniform Resource Identifier http://site.ebrary.com/lib/rucke/Doc?id=10493516

No items available.

© 2026 Rongo University
Contact us: librarian | system librarian | Rongo university